| 000 | 00873cam a22002531 4500 | ||
|---|---|---|---|
| 001 | 1190 | ||
| 003 | BD-RjUL | ||
| 005 | 20211208233306.0 | ||
| 008 | 131125r19661953uk 001 0 eng | ||
| 035 | _a(BD-RjUL)1212 | ||
| 040 |
_aDLC _cOKentU _dOCoLC _dUk _dDLC _dBD-RjUL _beng |
||
| 041 | _aeng | ||
| 082 | 0 | 4 |
_223 _a100 _bMOS 1966 |
| 100 | 1 |
_aMoore, G. E. _q(George Edward), _d1873-1958. _93470 |
|
| 245 | 1 | 0 |
_aSome main problems of philosophy / _cG. E. Moore. |
| 260 |
_aLondon : _bAllen & Unwin ; _aNew York : _bHumanities Press , _c1953 [Impression 1965, 1966] |
||
| 300 |
_axii, 380 p. ; _c22 cm. |
||
| 504 | _aIncludes index. | ||
| 650 | 0 |
_aPhilosophy. _93520 |
|
| 856 | _uhttp://www.worldcat.org/title/some-main-problems-of-philosophy/oclc/2139808&referer=brief_results | ||
| 942 |
_2ddc _cBK |
||
| 999 |
_c1190 _d1190 |
||